000 01561cam a2200373 i 4500
001 19609950
003 OSt
005 20260702120544.0
008 170425s2017 ilu 000 0 eng
010 _a 2017019243
020 _a9780830845101
_qprint : alk. paper
035 _a19609950
040 _aDLC
_beng
_cDLC
_erda
_dDLC
042 _apcc
050 0 0 _aBL41
_b.K75 2017
082 0 0 _a200
_223
100 1 _aKreeft, Peter,
_eauthor.
245 1 0 _aBetween one faith and another :
_bengaging conversations on the world's great religions /
_cPeter Kreeft.
264 1 _aDowners Grove, Illinois :
_bIVP Books, an imprint of InterVarsity Press,
_c[2017]
300 _a213 pages ;
_c21 cm
336 _atext
_btxt
_2rdacontent
337 _aunmediated
_bn
_2rdamedia
338 _avolume
_bnc
_2rdacarrier
583 _aCataloguing:
_c20260702
_kgtanuigtanui
650 0 _aReligions
_vMiscellanea.
650 0 _aReligion
_vMiscellanea.
650 0 _aImaginary conversations.
655 7 _aTrivia and miscellanea.
_2lcgft
_0https://id.loc.gov/authorities/genreForms/gf2014026201
776 0 8 _iOnline version:
_aKreeft, Peter, author.
_tBetween one faith and another
_dDowners Grove : InterVarsity Press, 2017
_z9780830890842
_w(DLC) 2017022341
906 _a7
_bcbc
_corignew
_d1
_eecip
_f20
_gy-gencatlg
942 _2lcc
_cBK
999 _c21758
_d21757